| 000 | 00966nam a2200241Ia 4500 | ||
|---|---|---|---|
| 003 | GCL | ||
| 008 | 140319s9999 xx 000 0 ara d | ||
| 020 | _a6513232977 | ||
| 040 |
_aGCL / _cGCL |
||
| 082 | 0 | 4 |
_aق _b378.04 _bع ت |
| 100 | 1 | _aعبدالرحمن ابوالمجد رضوان | |
| 245 | 1 | 0 |
_aالتعليم الجامعى الخاص الواقع وتحديات المستقبل : _bالنموذج المصرى / _cعبدالرحمن ابوالمجد رضوان |
| 250 | _aالاولى | ||
| 260 |
_aالقاهرة : _bعالم الكتب ، _c2006 |
||
| 300 |
_a183 ص ؛ _c24 سم |
||
| 650 | 0 | 4 | _aالتوسع الجامعى |
| 650 | 0 | 4 | _aالتعليم الجامعى - مصر |
| 650 | 0 | 4 | _aالجامعات والكليات - مصر |
| 650 | 0 | 4 | _aالتعليم العالى - مصر |
| 650 | 0 | 4 | _aالجامعات والكليات الاهلية - مصر |
| 650 | 0 | 4 | _aالتعليم الجامعى - تطوير - مصر |
| 942 |
_2ddc _cBK |
||
| 999 |
_c9747 _d9747 |
||